Physiological breeding II : A field guide to wheat phenotyping /

Guardado en:
Autor Principal: Pask, Alistair.
Autor Corporativo: Centro Internacional de Mejoramiento de Maíz y Trigo.
Otros Autores: Pietragalla, Julián., Mullan, Debra., Reynolds, Matthew.
Formato: Libro
Idioma:English
Publicado: México, D. F. : CIMMYT, 2012.
Acceso en línea:Acceso a texto completo
Etiquetas: Agregar Etiqueta
Sin Etiquetas, Sea el primero en etiquetar este registro!
LEADER 00894nam a22002175a 4500
001 EEA.libagro009127
008 130809s2012####mx#a##########000#0#eng#d
005 20210320163943.0
245 1 0 |a Physiological breeding II :  |b A field guide to wheat phenotyping /  |c Alistair Pask, Julián Pietragalla, Debra Mullan, Matthew Reynolds (eds.). 
260 |a México, D. F. :  |b CIMMYT,  |c 2012. 
300 |a iv, 132 p. :  |b il. ;  |c 28 cm. 
530 |a Disponible también en línea. 
020 |a 9789706481825 
100 1 |a Pask, Alistair. 
700 1 |a Pietragalla, Julián. 
700 1 |a Mullan, Debra. 
700 1 |a Reynolds, Matthew. 
710 2 |a Centro Internacional de Mejoramiento de Maíz y Trigo. 
082 0 4 |a 633.11 
856 4 1 |3 Acceso a texto completo  |u http://repository.cimmyt.org/xmlui/bitstream/handle/10883/1288/96144.pdf?sequence=3 
859 |a AR-BbBCA  |b BIB. AGRONOMIA  |h 633.11  |i P573  |p 2013/6192  |v 2  |3 II